भारतीय राजव्यवस्था / (Record no. 120947)

MARC details
000 -LEADER
fixed length control field 01272nam a22002777a 4500
005 - DATE AND TIME OF LATEST TRANSACTION
control field 20170124103205.0
010 ## - LIBRARY OF CONGRESS CONTROL NUMBER
LC control number B-179953
020 ## - INTERNATIONAL STANDARD BOOK NUMBER
Terms of availability 105.00
035 ## - SYSTEM CONTROL NUMBER
System control number B-179953
037 ## - SOURCE OF ACQUISITION
Source of stock number/acquisition Cen Lib/Ret
040 ## - CATALOGING SOURCE
Original cataloging agency DPL
Language of cataloging HN
082 ## - DEWEY DECIMAL CLASSIFICATION NUMBER
Classification number 320.4954
Item number भारती
245 ## - TITLE STATEMENT
Title भारतीय राजव्यवस्था /
Statement of responsibility, etc संपादक एन.एन.ओझा
246 ## - VARYING FORM OF TITLE
Title proper/short title Bharteey rajvyavstha /
Remainder of title sampadak N.N.Ojha
250 ## - EDITION STATEMENT
Edition statement तृतीय संशोधित संस्करण
260 ## - PUBLICATION, DISTRIBUTION, ETC. (IMPRINT)
Place of publication, distribution, etc नयी दिल्ली
Name of publisher, distributor, etc क्रोनिकल पब्लिकेशन्स
Date of publication, distribution, etc 2006
270 ## - ADDRESS
City नयी दिल्ली
Address बी-7 एक्स./114 ए, सफदरजंग एन्क्लेव
Postal code 110029
300 ## - PHYSICAL DESCRIPTION
Extent 273पृ.
Dimensions 23सेमी(सजिल्द)
500 ## - GENERAL NOTE
General note अनुक्रमाणिका शामिल
650 ## - SUBJECT ADDED ENTRY--TOPICAL TERM
Topical term or geographic name as entry element राजनीतिक विज्ञान
9 (RLIN) 93520
650 ## - SUBJECT ADDED ENTRY--TOPICAL TERM
Topical term or geographic name as entry element भारतीय संविधान और नागरिकता
9 (RLIN) 85758
650 ## - SUBJECT ADDED ENTRY--TOPICAL TERM
Topical term or geographic name as entry element Political Science
9 (RLIN) 93521
650 ## - SUBJECT ADDED ENTRY--TOPICAL TERM
Topical term or geographic name as entry element Constitution and Citizenship
9 (RLIN) 93522
700 ## - ADDED ENTRY--PERSONAL NAME
Personal name ओझा, एन.एन.
9 (RLIN) 42260
942 ## - ADDED ENTRY ELEMENTS (KOHA)
Source of classification or shelving scheme Dewey Decimal Classification
Koha item type Hindi Books
Classification part 320.4954
Call number suffix भारती
Holdings
Withdrawn status Lost status Damaged status Not for loan Home library Current library Date acquired Source of acquisition Cost, normal purchase price Total Checkouts Full call number Barcode Date last seen Copy number Cost, replacement price Price effective from Koha item type
        Central Library Central Library 29/09/2015 Cen Lib/Ret 105.00   320.4954 भारती B-179953 29/09/2015 1 105.00 29/09/2015 Hindi Books

© Delhi Public Library
Hit Counter
free hit counter